| Tag |
First Indicator |
Second Indicator |
Subfields |
| LEADER |
00000pam a2200000 i 4500 |
| 001 |
in00000356366 |
| 005 |
20151011061701.0 |
| 008 |
770201s1977 ilu 00010 eng |
| 010 |
|
|
|a 77001306
|
| 020 |
|
|
|a 0872582019 :
|c $11.50
|
| 035 |
|
|
|a (OCoLC)02798925
|
| 035 |
|
|
|9 ABM8705AM
|
| 040 |
|
|
|a DLC
|c DLC
|d TXA
|d UtOrBLW
|
| 043 |
|
|
|a n-us---
|
| 049 |
|
|
|a TXAM
|c [1395860]
|
| 050 |
0 |
0 |
|a KF3821
|b .S54
|
| 082 |
0 |
|
|a 344/.73/04
|
| 100 |
1 |
|
|a Sieverts, Steven.
|
| 245 |
1 |
0 |
|a Health planning issues and Public law 93-641 /
|c Steven Sieverts.
|
| 264 |
|
1 |
|a Chicago :
|b American Hospital Association,
|c [1977]
|
| 264 |
|
4 |
|c ©1977
|
| 300 |
|
|
|a v, 114 pages ;
|c 22 cm.
|
| 336 |
|
|
|a text
|b txt
|2 rdacontent
|
| 337 |
|
|
|a unmediated
|b n
|2 rdamedia
|
| 338 |
|
|
|a volume
|b nc
|2 rdacarrier
|
| 500 |
|
|
|a "AHA catalog number 1751."
|
| 650 |
|
0 |
|a Health planning
|x Law and legislation
|z United States.
|
| 650 |
|
2 |
|a Health Planning
|z United States
|x Legislation.
|
| 999 |
|
|
|a MARS
|
| 999 |
f |
f |
|s 5cf8012c-e0da-3a15-83c7-c54019a25364
|i e36b8a77-89d9-34dc-a081-b7e0559d87ee
|t 0
|
| 952 |
f |
f |
|p ric
|a Texas A&M University
|b Rellis Campus
|c Joint Library Facility
|d Remote Storage
|t 0
|e KF3821 .S54
|h Library of Congress classification
|i unmediated -- volume
|m A14803178728
|
| 998 |
f |
f |
|a KF3821 .S54
|t 0
|l Remote Storage
|